Founding clubs of Scottish football - Statistics

General Stats
  • This quiz has been taken 14 times
  • The average score is 8 of 16
Answer Stats
Founding member of: Club: % Correct
League Celtic
100%
League Hearts
100%
League Rangers
91%
SFA Queen's Park
82%
SFA Kilmarnock
73%
League St Mirren
73%
League Dumbarton
64%
SFA & League Third Lanark
55%
SFA & League Vale of Leven
55%
League Renton
45%
League Cowlairs
27%
League Abercorn
18%
League Cambuslang
18%
SFA Clydesdale
18%
SFA Dumbreck
0%
SFA Eastern Granville
0%
No matching quizzes found
Score Distribution
Percent of People with Each Score
Percentile by Number Answered
Your Score History
You have not taken this quiz